| 000 | 00963nam a22002417a 4500 | ||
|---|---|---|---|
| 999 |
_c65655 _d65655 |
||
| 005 | 20240530110836.0 | ||
| 008 | 190910s2018 ua a f b 000 0 ara d | ||
| 017 |
_a7896 / 2002 _bمصر. دار الكتب |
||
| 020 | _a9770177989 | ||
| 040 |
_aEG-CaGPL _cEG-CaGPL |
||
| 082 | 0 | 4 |
_221 _a027.46211 _bق / هـ م |
| 110 | _aالهيئة المصرية العامة للكتاب | ||
| 245 | 1 |
_aمكتبة الاسكندرية : _bمدرسة العالم المعاصر / _cالهيئة المصرية العامة للكتاب |
|
| 250 | _aط .1 | ||
| 260 |
_aالقاهرة : _bالهيئة المصرية العامة للكتاب، _c2002 |
||
| 300 |
_a131 ص. : _bايض. ؛ _c24 سم |
||
| 650 | 0 | 7 |
_2qrmak _aمكتبة الاسكندرية |
| 650 | 0 | 7 |
_aمكتبة الاسكندرية القديمة _2qrmak |
| 651 | 0 | 7 | _2qrmak |
| 653 | _aحريق مكتبة الاسكندرية | ||
| 942 |
_2ddc _cBK |
||